000 00713nam a2200205 a 4500
001 BRCA_189
005 20190320202920.0
008 910429s1987 mx-#---###---#000-0#spa-#
020 _a9688160687
040 _aDLC
_cDLC
050 4 _aF1386
_b.P67 1987
100 1 _aPorras Muñoz, Guillermo
_9689
245 1 0 _aReflexiones sobre la Ciudad de México
_cGuillermo Porras Muñoz.
260 _aMéxico
_bDepartamento del Distrito Federal, Secretaria General de Desarrollo Social, Comite Interno de Ediciones Gubernamentales
_c1987
300 _a21 p.
_c21 cm.
440 0 _aCiudad y cultura
_v1
_9690
651 4 _aCiudad de México
_xHistoria
_9691
651 4 _aCiudad de México
_xArquitectura
_9692
942 _2lcc
_cB
999 _c158
_d158